000 00455nam a2200193Ia 4500
005 20250423094535.0
008 250422s9999 xx 000 0 und d
020 _a0130577111
050 _aTK 454 .H84/
100 _aHuelsman, Lawrence P.
245 0 _aBasic circuit theory
250 _a2nd ed.
260 _aEnglewood
260 _bPrentice-Hall
260 _cc1984
300 _a639 p
650 _aElectric circuit analysis.
942 _cBK
999 _c27542
_d27542